<?xml version="1.0" encoding="UTF-8"?>
<record
    xmlns:xsi="http://www.w3.org/2001/XMLSchema-instance"
    xsi:schemaLocation="http://www.loc.gov/MARC21/slim http://www.loc.gov/standards/marcxml/schema/MARC21slim.xsd"
    xmlns="http://www.loc.gov/MARC21/slim">

  <leader>01841nam a2200421 a 4500</leader>
  <datafield tag="999" ind1=" " ind2=" ">
    <subfield code="c">357818</subfield>
    <subfield code="d">357818</subfield>
  </datafield>
  <controlfield tag="001">000000407696</controlfield>
  <controlfield tag="003">IT-MiSPE</controlfield>
  <controlfield tag="005">20180505174530.0</controlfield>
  <controlfield tag="008">130513s2010    it            001 u ita d</controlfield>
  <datafield tag="020" ind1=" " ind2=" ">
    <subfield code="a">9788870946390</subfield>
  </datafield>
  <datafield tag="040" ind1=" " ind2=" ">
    <subfield code="a">IT-MiSPE</subfield>
    <subfield code="b">ita</subfield>
    <subfield code="d">mv</subfield>
    <subfield code="c">IT-MiSPE</subfield>
  </datafield>
  <datafield tag="041" ind1="1" ind2=" ">
    <subfield code="a">ita</subfield>
    <subfield code="a">lat</subfield>
  </datafield>
  <datafield tag="082" ind1=" " ind2=" ">
    <subfield code="a">270.008-SCh.it ORI om (23110)</subfield>
  </datafield>
  <datafield tag="100" ind1="0" ind2=" ">
    <subfield code="a">Origenes,</subfield>
    <subfield code="d">184-253.</subfield>
    <subfield code="9">56919</subfield>
  </datafield>
  <datafield tag="240" ind1="1" ind2="0">
    <subfield code="a">In librum Iudicum homiliae IX.</subfield>
    <subfield code="s">Versioni.</subfield>
    <subfield code="l">Latino</subfield>
  </datafield>
  <datafield tag="245" ind1="1" ind2="0">
    <subfield code="a">Omelie sui Giudici :</subfield>
    <subfield code="b">testo della versione latina di Rufino /</subfield>
    <subfield code="c">Origene ; introduzione, note e indice di Pierre Messi&#xE9;, Louis Neyrand, Marcel Borret ; traduzione italiana e aggiornamento di Riccardo Pane.</subfield>
  </datafield>
  <datafield tag="260" ind1=" " ind2=" ">
    <subfield code="a">Bologna :</subfield>
    <subfield code="b">Edizioni San Clemente :</subfield>
    <subfield code="b">Edizioni Studio domenicano,</subfield>
    <subfield code="c">2010.</subfield>
  </datafield>
  <datafield tag="300" ind1=" " ind2=" ">
    <subfield code="a">253 p. ;</subfield>
    <subfield code="c">20 cm</subfield>
  </datafield>
  <datafield tag="490" ind1="1" ind2=" ">
    <subfield code="a">Sources chr&#xE9;tiennes.</subfield>
    <subfield code="a">Edizione italiana ;</subfield>
    <subfield code="v">009</subfield>
  </datafield>
  <datafield tag="500" ind1=" " ind2=" ">
    <subfield code="a">Tit. orig.: Hom&#xE9;lies sur les Juges</subfield>
  </datafield>
  <datafield tag="504" ind1=" " ind2=" ">
    <subfield code="a">Bibliografia (p. 51-53) e indici</subfield>
  </datafield>
  <datafield tag="546" ind1=" " ind2=" ">
    <subfield code="a">Traduzione italiana con testo latino a fronte</subfield>
  </datafield>
  <datafield tag="630" ind1="0" ind2="4">
    <subfield code="a">Biblia.</subfield>
    <subfield code="p">V.T.</subfield>
    <subfield code="p">Iudicum</subfield>
    <subfield code="x">Omiletica latino.</subfield>
    <subfield code="9">56920</subfield>
  </datafield>
  <datafield tag="655" ind1=" " ind2="7">
    <subfield code="a">Patrologia greca</subfield>
    <subfield code="x">Origenes, 184-253.</subfield>
    <subfield code="2">local</subfield>
    <subfield code="9">56921</subfield>
  </datafield>
  <datafield tag="655" ind1=" " ind2="7">
    <subfield code="a">Sacra Scrittura. Studi sul Vecchio Testamento</subfield>
    <subfield code="x">Pentateuco - Libri storici.</subfield>
    <subfield code="2">local</subfield>
    <subfield code="9">56802</subfield>
  </datafield>
  <datafield tag="700" ind1="0" ind2=" ">
    <subfield code="a">Rufinus Tyrannius,</subfield>
    <subfield code="d">ca.345-410.</subfield>
    <subfield code="9">56922</subfield>
  </datafield>
  <datafield tag="700" ind1="1" ind2=" ">
    <subfield code="a">Messi&#xE9;, Pierre,</subfield>
    <subfield code="c">s.j.,</subfield>
    <subfield code="e">ed.</subfield>
    <subfield code="9">56923</subfield>
  </datafield>
  <datafield tag="700" ind1="1" ind2=" ">
    <subfield code="a">Neyrand, Louis,</subfield>
    <subfield code="c">s.j.,</subfield>
    <subfield code="d">1915-2012,</subfield>
    <subfield code="e">ed.</subfield>
    <subfield code="9">56924</subfield>
  </datafield>
  <datafield tag="700" ind1="1" ind2=" ">
    <subfield code="a">Borret, Marcel,</subfield>
    <subfield code="c">s.j.,</subfield>
    <subfield code="d">1919-1993,</subfield>
    <subfield code="e">ed.</subfield>
    <subfield code="9">56925</subfield>
  </datafield>
  <datafield tag="700" ind1="1" ind2=" ">
    <subfield code="a">Pane, Riccardo,</subfield>
    <subfield code="c">sac.,</subfield>
    <subfield code="d">1972-,</subfield>
    <subfield code="e">tr.</subfield>
    <subfield code="9">56926</subfield>
  </datafield>
  <datafield tag="730" ind1="0" ind2="2">
    <subfield code="a">Hom&#xE9;lies sur les Juges.</subfield>
    <subfield code="l">Italiano.</subfield>
    <subfield code="9">56927</subfield>
  </datafield>
  <datafield tag="830" ind1=" " ind2="0">
    <subfield code="a">Sources chr&#xE9;tiennes.</subfield>
    <subfield code="p">Edizione italiana ;</subfield>
    <subfield code="v">009.</subfield>
    <subfield code="9">56928</subfield>
  </datafield>
  <datafield tag="942" ind1=" " ind2=" ">
    <subfield code="2">ddc</subfield>
    <subfield code="c">BK</subfield>
  </datafield>
  <datafield tag="990" ind1="1" ind2="0">
    <subfield code="a">90001a</subfield>
    <subfield code="b">70001ad</subfield>
  </datafield>
  <datafield tag="952" ind1=" " ind2=" ">
    <subfield code="0">0</subfield>
    <subfield code="1">0</subfield>
    <subfield code="2">ddc</subfield>
    <subfield code="4">0</subfield>
    <subfield code="6">270_000000000000000_008SCH_IT_ORI_OM_23110</subfield>
    <subfield code="7">1</subfield>
    <subfield code="a">CINISELLO</subfield>
    <subfield code="b">CINISELLO</subfield>
    <subfield code="d">2018-05-05</subfield>
    <subfield code="l">0</subfield>
    <subfield code="o">270.008-SCh.it ORI om (23110)</subfield>
    <subfield code="p">9788870946390</subfield>
    <subfield code="r">2018-05-05 00:00:00</subfield>
    <subfield code="w">2018-05-05</subfield>
    <subfield code="y">BK</subfield>
  </datafield>
</record>
